Science Quiz

Random Science or Chemistry Quiz

Chemical Element TV Shows Quiz Stats

 Plays Quiz Updated Dec 22, 2011

Challenge
Share
Tweet
Embed
Score 0/28 Timer 06:00
1 Play Today
Chemical Elements TV Show % Correct
Boron, Oxygen, Neon, Sulphur.BONES
83.4%
Nitrogen, Carbon, Iodine, Sulphur.NCIS
81.6%
Xenon, Sodium.XENA
81.5%
Lithium, Iron.LIFE
81.1%
Carbon, Helium, Erbium, Sulphur.CHEERS
80.2%
Carbon, Lithium, Carbon, Potassium.CLICK
80.1%
Argon, Carbon, Hydrogen, Erbium.ARCHER
78.9%
Carbon, Hydrogen, Uranium, Carbon, Potassium.CHUCK
78.6%
Sulphur, Hydrogen, Argon, Potassium.SHARK
77.8%
Hydrogen, Erbium, Oxygen, EinsteiniumHEROES
77.4%
Carbon, Silicon, Nitrogen, Yttrium.CSI: NY
77.2%
Aluminum, Iodine, Arsenic.ALIAS
76.3%
Sulphur, Potassium, Indium, Sulphur.SKINS
75.5%
Francium, Indium, Germanium.FRINGE
75.4%
Chemical Elements TV Show % Correct
Scandium, Ruthenium, Boron, Sulphur.SCRUBS
73.9%
Nickel, Potassium, Iodine, Tantalum.NIKITA
73%
Rhenium, Barium.REBA
72.9%
Molybdenum, Nitrogen, Potassium.MONK
72.3%
Phosphorus, Sulphur, Yttrium, Carbon, Hydrogen.PSYCH
71.4%
Calcium, Lithium, Fluorine, Oxygen, Radon, Iodine, Carbon, Astatine, Iodine, Oxygen, Nitrogen.CALIFORNICATION
70.7%
Barium, Yttrium, Tungsten, Astatine, Carbon, Hydrogen.BAYWATCH
68.5%
Hydrogen, Oxygen, Uranium, Selenium, Mendelevium.HOUSE M.D
66.4%
Boron, Uranium, Radon, Nitrogen, Oxygen, Titanium, Cerium.BURN NOTICE
66.3%
Vanadium, Erbium, Oxygen, Nitrogen, Iodine, Carbon, Americium, Argon, Sulphur.VERONICA MARS
64.7%
Calcium, Praseodymium, Iodine, Calcium.CAPRICA
63.3%
Thorium, Erbium, Iodine, Carbon, Helium, Sulphur.THE RICHES
61.7%
Lanthanum, Lanthanum, Tungsten.L.A LAW
60.5%
Gallium, Vanadium, Iodine, Sodium, Neodymium, Sulphur, Tantalum, Cerium, Yttrium.GAVIN & STACEY
43.9%

You're not logged in!

Compare scores with friends on all Sporcle quizzes.
Join for Free
OR
Log In

You Might Also Like...

Show Comments

Extras

Top Quizzes Today


Score Distribution

Your Account Isn't Verified!

In order to create a playlist on Sporcle, you need to verify the email address you used during registration. Go to your Sporcle Settings to finish the process.

Report this User

Report this user for behavior that violates our Community Guidelines.

Details: